[Event "Oban Open"]
[Site "?"]
[Date "2012.11.17"]
[Round "3"]
[White "Olson, Hamish"]
[Black "Berry, Neil"]
[Result "1/2-1/2"]
[WhiteElo "2007"]
[BlackElo "2216"]
[PlyCount "69"]
[EventDate "2012.11.17"]

1. g3 d5 2. Bg2 e5 3. d3 Be6 4. c4 c6 5. Nf3 f6 6. Nc3 Qd7 7. O-O Ne7 8. Qa4
Na6 9. cxd5 cxd5 10. Nb5 Nc6 11. Bd2 Be7 12. Rfc1 O-O 13. Rab1 Rfd8 14. Qd1
Nab4 15. Bxb4 Bxb4 16. Qa4 d4 17. Nc7 Qxc7 18. Qxb4 Bxa2 19. Ra1 Bd5 20. Qc5
Qe7 21. Qxe7 Nxe7 22. Rc7 Kf7 23. Nd2 Bxg2 24. Kxg2 Rdb8 25. Ne4 a6 26. Rxb7
Rxb7 27. Nd6+ Kf8 28. Nxb7 Nc6 29. Rc1 Rb8 30. Nd6 Nd8 31. Nc4 Nc6 32. Ra1 a5
33. f4 exf4 34. gxf4 Rb5 35. Rf1 1/2-1/2

[Event "Oban Open"]
[Site "?"]
[Date "2012.11.17"]
[Round "3"]
[White "Bremner, Adam"]
[Black "Green, Andrew"]
[Result "1/2-1/2"]
[WhiteElo "2194"]
[BlackElo "2159"]
[PlyCount "74"]
[EventDate "2012.11.17"]

1. d4 Nf6 2. c4 g6 3. Nc3 Bg7 4. e4 d6 5. Nf3 O-O 6. Be2 Bg4 7. Be3 Nfd7 8. Rc1
a6 9. a4 c5 10. d5 b5 11. cxb5 axb5 12. axb5 Nb6 13. Nd2 Bxe2 14. Qxe2 N8d7 15.
O-O Na4 16. Ndb1 Qa5 17. h4 Qb4 18. Nxa4 Rxa4 19. b3 Qxb3 20. Nd2 Qa2 21. Qd3
Ne5 22. Qb1 Rb8 23. Rc2 Qa3 24. Bg5 Rb7 25. f4 Ng4 26. e5 Qe3+ 27. Kh1 Qg3 28.
Nf3 f6 29. Ra2 Rb4 30. Ra8+ Bf8 31. Qa1 R4xb5 32. exf6 exf6 33. Bxf6 Rf7 34.
Be7 Ne3 35. Rg1 Qxf4 36. Bg5 Qe4 37. Bh6 Qe7 1/2-1/2

[Event "Oban Open"]
[Site "?"]
[Date "2012.11.17"]
[Round "3"]
[White "Murdochy, Shivan"]
[Black "Minnican, Alan"]
[Result "1/2-1/2"]
[WhiteElo "1880"]
[BlackElo "2164"]
[PlyCount "61"]
[EventDate "2012.11.17"]

1. d4 g6 2. c4 Bg7 3. e4 c6 4. Nc3 d5 5. cxd5 cxd5 6. e5 Nc6 7. f4 Nh6 8. Bb5
O-O 9. Nf3 Bg4 10. Bxc6 bxc6 11. O-O f6 12. Na4 Nf5 13. Qd3 Qa5 14. b3 Qb5 15.
Qc3 Bxf3 16. Rxf3 fxe5 17. fxe5 Nh4 18. Rd3 c5 19. Nxc5 Rac8 20. Be3 Nf5 21.
Bf2 Rxc5 22. dxc5 Bxe5 23. Qxe5 Qxd3 24. c6 d4 25. c7 Qc2 26. Re1 d3 27. Qd5+
Kg7 28. Bd4+ Nxd4 29. Qxd4+ Kg8 30. Qd5+ Kg7 31. Qd4+ 1/2-1/2

[Event "Oban Open"]
[Site "?"]
[Date "2012.11.17"]
[Round "3"]
[White "Maack, Kjarten"]
[Black "Sreeves, Clement"]
[Result "1/2-1/2"]
[WhiteElo "2128"]
[BlackElo "2213"]
[PlyCount "105"]
[EventDate "2012.11.17"]

1. c4 Nf6 2. g3 g6 3. Bg2 Bg7 4. Nc3 O-O 5. d4 d6 6. Nf3 Nc6 7. d5 Na5 8. Nd2
Nd7 9. Qc2 Ne5 10. O-O Naxc4 11. Nxc4 Nxc4 12. Nb5 Ne5 13. Qxc7 Bg4 14. f3 Bd7
15. Qxd8 Rfxd8 16. Na3 Rac8 17. Bg5 Kf8 18. Rac1 b5 19. Bd2 Nc4 20. Nxc4 Rxc4
21. b3 Bd4+ 22. e3 Rxc1 23. Rxc1 Bb6 24. Kf2 Ra8 25. a3 a5 26. b4 axb4 27. Bxb4
Bc5 28. Rc2 Bxb4 29. axb4 Ra1 30. Rb2 e6 31. f4 Ke7 32. e4 e5 33. Ke3 Rd1 34.
Bf3 Rd4 35. g4 f5 36. gxf5 gxf5 37. Rg2 Kf7 38. fxe5 dxe5 39. Rb2 Kf6 40. Rb3
Rc4 41. Rb2 Rc3+ 42. Kf2 Kg5 43. exf5 Bxf5 44. Be2 Bd3 45. Rd2 Bxe2 46. Kxe2
Rc7 47. d6 Rd7 48. Rd5 Kf5 49. Ke3 Ke6 50. Ke4 Rxd6 51. Rxe5+ Kf6 52. Rxb5 Rd2
53. Rh5 1/2-1/2

[Event "Oban Open"]
[Site "?"]
[Date "2012.11.17"]
[Round "3"]
[White "Robertson, Ian"]
[Black "Oswald, David"]
[Result "1/2-1/2"]
[WhiteElo "2102"]
[BlackElo "2048"]
[PlyCount "32"]
[EventDate "2012.11.17"]

1. e4 c5 2. Nf3 d6 3. Bb5+ Nd7 4. O-O Ngf6 5. Re1 g6 6. c3 Bg7 7. d4 cxd4 8.
cxd4 d5 9. e5 Ne4 10. Qb3 e6 11. Bd3 f5 12. exf6 Ndxf6 13. Nc3 Nxc3 14. bxc3
O-O 15. Ba3 Re8 16. Rab1 b6 1/2-1/2

[Event "Oban Open"]
[Site "?"]
[Date "2012.11.18"]
[Round "4"]
[White "Sreeves, Clement"]
[Black "Burns-Mannion, Stephen"]
[Result "0-1"]
[WhiteElo "2213"]
[BlackElo "2342"]
[PlyCount "98"]
[EventDate "2012.11.17"]

1. e4 e5 2. Nf3 Nc6 3. Bc4 Bc5 4. b4 Bxb4 5. c3 Ba5 6. d4 exd4 7. O-O Nge7 8.
Ng5 d5 9. Nxf7 Kxf7 10. exd5 Ne5 11. Bb3 Qd6 12. Ba3 Qg6 13. Kh1 Nf5 14. cxd4
Nh4 15. d6+ Ke8 16. Rg1 Bg4 17. Qf1 Nhf3 18. Qb5+ Bd7 19. Qxb7 Bc6 20. Ba4 Bxa4
21. gxf3 Bc6 22. Rxg6 Bxb7 23. Re6+ Kd8 24. Rxe5 Bxf3+ 25. Kg1 Re8 26. Rxe8+
Kxe8 27. Bc5 cxd6 28. Bxd6 Rc8 29. Na3 Rc6 30. Bg3 Bc3 31. Rc1 Bxd4 32. Rxc6
Bxc6 33. Nc2 Bc3 34. Bd6 Be4 35. Ne3 Kd7 36. Bf8 Bf3 37. h3 Ke6 38. Kf1 Kf6 39.
Kg1 Kg5 40. Kh2 Kf4 41. Bd6+ Ke4 42. Kg3 Be2 43. Nc2 Bd1 44. Ne3 Bh5 45. Ng2
Bf7 46. f3+ Kd3 47. a3 a5 48. f4 Be6 49. Nh4 Be1+ 0-1

[Event "Oban Open"]
[Site "?"]
[Date "2012.11.18"]
[Round "4"]
[White "Berry, Neil"]
[Black "Maack, Kjartan"]
[Result "1-0"]
[WhiteElo "2216"]
[BlackElo "2128"]
[PlyCount "41"]
[EventDate "2012.11.17"]

1. d4 e6 2. c4 f5 3. Nc3 Nf6 4. Qc2 d5 5. Bf4 c6 6. e3 Be7 7. Nf3 O-O 8. Bd3
Ne4 9. g4 g6 10. gxf5 Nxc3 11. fxg6 Ne4 12. gxh7+ Kh8 13. Bxe4 dxe4 14. Ne5 Rf5
15. Rg1 Kxh7 16. Qxe4 Bf6 17. O-O-O Nd7 18. Nf7 Qf8 19. Nd6 Nb6 20. Nxf5 exf5
21. Qf3 1-0

[Event "Oban Open"]
[Site "?"]
[Date "2012.11.18"]
[Round "4"]
[White "Edwards, Jonathan"]
[Black "Bremner, Adam"]
[Result "0-1"]
[WhiteElo "1987"]
[BlackElo "2194"]
[PlyCount "50"]
[EventDate "2012.11.17"]

1. e4 c5 2. Nf3 Nc6 3. d4 cxd4 4. Nxd4 g6 5. Nc3 Bg7 6. Be3 Nf6 7. Bc4 O-O 8.
Bb3 a5 9. O-O a4 10. Nxa4 Nxe4 11. Nb5 d5 12. Qe2 d4 13. Rad1 e5 14. c3 Nd6 15.
cxd4 Nxb5 16. dxe5 Qh4 17. Qxb5 Nxe5 18. Bc5 Nf3+ 19. gxf3 Be5 20. Bxf7+ Kxf7
21. Rd7+ Kg8 22. Qb3+ Kh8 23. Rfd1 Bxd7 24. Bxf8 Bxa4 25. Qxb7 Qxh2+ 0-1

[Event "Oban Open"]
[Site "?"]
[Date "2012.11.18"]
[Round "4"]
[White "Minnican, Alan"]
[Black "Robertson, Ian"]
[Result "0-1"]
[WhiteElo "2164"]
[BlackElo "2102"]
[PlyCount "46"]
[EventDate "2012.11.17"]

1. Nf3 d5 2. c4 dxc4 3. e3 Nf6 4. Bxc4 e6 5. O-O c5 6. Qe2 Nc6 7. Rd1 Qc7 8.
Nc3 a6 9. a4 Bd6 10. d4 O-O 11. h3 b6 12. dxc5 Bxc5 13. e4 Nd7 14. Bb3 Bb7 15.
Ng5 Nd4 16. Rxd4 Bxd4 17. Bd2 h6 18. Nf3 Bc5 19. Re1 Rfd8 20. e5 Bxf3 21. gxf3
Qxe5 22. Ne4 Qxb2 23. Bc4 Ne5 0-1

[Event "Oban Open"]
[Site "?"]
[Date "2012.11.18"]
[Round "4"]
[White "Green, Andrew"]
[Black "Jelfs, Alan"]
[Result "1-0"]
[WhiteElo "2159"]
[BlackElo "1858"]
[PlyCount "53"]
[EventDate "2012.11.17"]

1. e4 e5 2. Nf3 Nc6 3. Bb5 Bc5 4. O-O Nf6 5. Nxe5 Nxe5 6. d4 c6 7. dxe5 Nxe4 8.
Bd3 Nxf2 9. Rxf2 Bxf2+ 10. Kxf2 Qh4+ 11. Kg1 Qd4+ 12. Kh1 Qxe5 13. Nd2 d5 14.
Nf3 Qd6 15. Qe1+ Be6 16. Qh4 Rd8 17. Bg5 f6 18. Re1 fxg5 19. Nxg5 Kd7 20. Rxe6
Qxe6 21. Nxe6 Kxe6 22. Qg4+ Kf7 23. Qf5+ Ke7 24. Qe5+ Kf8 25. Qc7 Re8 26. h3 g6
27. Qxb7 1-0

[Event "Oban Open"]
[Site "?"]
[Date "2012.11.18"]
[Round "5"]
[White "Burns-Mannion, Stephen"]
[Black "Berry, Neil"]
[Result "1/2-1/2"]
[WhiteElo "2342"]
[BlackElo "2216"]
[PlyCount "87"]
[EventDate "2012.11.17"]

1. e4 e5 2. Nf3 Nc6 3. Bb5 a6 4. Ba4 Nge7 5. O-O g6 6. c3 Bg7 7. d4 exd4 8.
cxd4 b5 9. Bb3 O-O 10. Nc3 d6 11. h3 Na5 12. Bc2 c5 13. dxc5 dxc5 14. Qxd8 Rxd8
15. Be3 Nc4 16. Bxc5 Nc6 17. Nd5 Bxb2 18. Rad1 Bb7 19. Bb3 N6a5 20. Be7 Rdc8
21. Rfe1 Kg7 22. e5 Bxd5 23. Rxd5 Bc3 24. Rc1 Bb2 25. Rc2 Ra7 26. Bf6+ Kg8 27.
Nd2 Ba3 28. Ne4 Bf8 29. Bd8 Nc6 30. Bxc4 Nb4 31. Bb3 Nxc2 32. Rd2 Bb4 33. Rd1
Be7 34. Ba5 Na3 35. e6 Nc4 36. Rd7 Rxd7 37. exd7 Ra8 38. Bc7 Bd8 39. Bf4 f5 40.
Nd2 Kf7 41. Nxc4 bxc4 42. Bxc4+ Ke7 43. Bd5 Ra7 44. Bc6 1/2-1/2

[Event "Oban Open"]
[Site "?"]
[Date "2012.11.18"]
[Round "5"]
[White "Bremner, Adam"]
[Black "Grant, Alan"]
[Result "0-1"]
[WhiteElo "2194"]
[BlackElo "2114"]
[PlyCount "72"]
[EventDate "2012.11.17"]

1. d4 d5 2. c4 dxc4 3. e3 e5 4. Bxc4 exd4 5. exd4 Nf6 6. Nc3 Bd6 7. Nf3 O-O 8.
O-O Bg4 9. h3 Bh5 10. Bg5 h6 11. Be3 Nc6 12. a3 Qd7 13. Be2 Rad8 14. Qa4 a6 15.
Rfd1 Ne7 16. Qc2 Qc8 17. b4 Ned5 18. Nxd5 Nxd5 19. Nh4 Bxe2 20. Qxe2 Be7 21.
Qh5 Nxe3 22. fxe3 Bg5 23. Re1 g6 24. Nxg6 fxg6 25. Qxg6+ Kh8 26. h4 Rd6 27. Qh5
Be7 28. e4 Rg8 29. e5 Rdg6 30. e6 Qd8 31. d5 Rxg2+ 32. Kh1 R8g6 33. Rg1 Rxg1+
34. Rxg1 Rxg1+ 35. Kxg1 Qf8 36. Qe5+ Qg7+ 0-1

[Event "Oban Open"]
[Site "?"]
[Date "2012.11.18"]
[Round "5"]
[White "Robertson, Ian"]
[Black "Green, Andrew"]
[Result "1/2-1/2"]
[WhiteElo "2102"]
[BlackElo "2159"]
[PlyCount "30"]
[EventDate "2012.11.17"]

1. e4 c5 2. Nf3 g6 3. d4 cxd4 4. Nxd4 Nc6 5. Ne2 Bg7 6. Nbc3 Nf6 7. Nf4 d6 8.
Be2 O-O 9. O-O a6 10. a4 b6 11. Be3 Bb7 12. Nfd5 Nd7 13. Qd2 Re8 14. Rfd1 a5
15. Bb5 Nc5 1/2-1/2

[Event "Oban Open"]
[Site "?"]
[Date "2012.11.18"]
[Round "?.5"]
[White "Olson, Hamish"]
[Black "Sreeves, Clement"]
[Result "1/2-1/2"]
[WhiteElo "2007"]
[BlackElo "2213"]
[PlyCount "108"]
[EventDate "2012.11.17"]

1. d4 Nf6 2. c4 e6 3. Nc3 Bb4 4. e3 d5 5. Nf3 O-O 6. Bd3 c5 7. a3 Bxc3+ 8. bxc3
dxc4 9. Bxc4 b6 10. O-O Ba6 11. Bxa6 Nxa6 12. Ne5 Qc7 13. a4 Rfc8 14. Qd3 cxd4
15. Qxa6 Qxe5 16. cxd4 Qd5 17. Ba3 Qc4 18. Qxc4 Rxc4 19. a5 b5 20. a6 b4 21.
Rfc1 Rxc1+ 22. Bxc1 b3 23. f3 Rb8 24. Bd2 Nd5 25. Kf1 Nc7 26. Bc3 Nd5 27. Bd2
Nc7 28. Bc3 h5 29. Ke1 Nb5 30. Bb2 Rc8 31. Rc1 Rxc1+ 32. Bxc1 Kf8 33. Kd2 Ke7
34. Kd3 Kd7 35. Kc4 Nc7 36. Kxb3 Nxa6 37. Kc4 Kc6 38. e4 Nc7 39. Bd2 g6 40. Ba5
Kd6 41. Bb4+ Kc6 42. Ba5 f5 43. h3 fxe4 44. fxe4 Ne8 45. d5+ exd5+ 46. exd5+
Kd7 47. Kd4 Nd6 48. Bb4 Nf7 49. Ke4 Kc7 50. g4 hxg4 51. hxg4 Kb6 52. Ba3 Kb5
53. Be7 a5 54. Kd4 a4 1/2-1/2

[Event "Oban Challengers"]
[Site "?"]
[Date "2012.11.16"]
[Round "1"]
[White "Roth, Michael"]
[Black "Thomas, Philip"]
[Result "1/2-1/2"]
[WhiteElo "1680"]
[BlackElo "1858"]
[PlyCount "126"]
[EventDate "2012.11.17"]

1. d4 Nf6 2. Nf3 g6 3. Bg5 Bg7 4. Nbd2 O-O 5. e4 d6 6. Bc4 c6 7. e5 Nd5 8. exd6
Qxd6 9. O-O Bf5 10. Re1 e6 11. c3 Nd7 12. Nh4 Rac8 13. g4 h6 14. Be3 g5 15.
gxf5 gxh4 16. Ne4 Qe7 17. Qh5 exf5 18. Qxf5 Qe6 19. Qxe6 fxe6 20. Kh1 N7b6 21.
Bb3 Kh8 22. Nc5 Nxe3 23. fxe3 e5 24. Nxb7 Rf2 25. Nd6 Rd8 26. Nf7+ Rxf7 27.
Bxf7 exd4 28. exd4 Na4 29. Re2 Bf6 30. Be8 Rc8 31. Re6 Nxb2 32. Bxc6 Bg5 33.
Rae1 Kg7 34. Rb1 Nd3 35. Rb7+ Kf8 36. d5 h3 37. Kg1 Nc5 38. Bd7 Rd8 39. Bc6
Nxe6 40. dxe6 Bh4 41. Rf7+ Kg8 42. Bd7 Rb8 43. Kf1 Rf8 44. Rxf8+ Kxf8 45. Ke2
Bf6 46. c4 Be5 47. Kf3 h5 48. Ke4 Bxh2 49. Kf5 Ke7 50. Bc6 Bd6 51. Bd5 h2 52.
Bh1 h4 53. Bd5 Bc5 54. Ke5 Bb6 55. Bh1 h3 56. Kd5 Be3 57. a4 Bd2 58. c5 Bb4 59.
Kc4 Bd2 60. c6 Bf4 61. Kb5 Bc7 62. Ka6 Kxe6 63. Kxa7 Kd6 1/2-1/2

[Event "Oban Challengers"]
[Site "?"]
[Date "2012.11.16"]
[Round "1"]
[White "Gillies, Alex"]
[Black "Chapman, Nigel"]
[Result "1/2-1/2"]
[WhiteElo "1899"]
[BlackElo "1702"]
[PlyCount "44"]
[EventDate "2012.11.17"]

1. d4 Nf6 2. Nf3 e6 3. g3 d5 4. Bg2 Be7 5. O-O O-O 6. c4 dxc4 7. Ne5 Nc6 8.
Bxc6 bxc6 9. Qa4 Bd6 10. Nxc4 Bd7 11. Qc2 Qe8 12. b3 e5 13. dxe5 Bxe5 14. Nc3
Bxc3 15. Qxc3 Qxe2 16. Bb2 Qh5 17. Rad1 Bh3 18. Rfe1 Rad8 19. Rd4 Rfe8 20. Ne3
Rxd4 21. Qxd4 Qf3 22. Qd1 Qxd1 1/2-1/2

[Event "Oban Challengers"]
[Site "?"]
[Date "2012.11.16"]
[Round "2"]
[White "Murray, Frank"]
[Black "Parks, Joe"]
[Result "1-0"]
[WhiteElo "1723"]
[BlackElo "1844"]
[PlyCount "59"]
[EventDate "2012.11.17"]

1. e4 d6 2. d4 Nf6 3. Nc3 e5 4. Nf3 Nbd7 5. Bc4 Be7 6. O-O O-O 7. Re1 c6 8. a4
b6 9. h3 h6 10. Be3 Bb7 11. dxe5 dxe5 12. Qe2 a6 13. Rad1 Qc7 14. Bc1 b5 15.
Bb3 b4 16. Nb1 a5 17. Nbd2 c5 18. c4 bxc3 19. bxc3 Nb6 20. c4 Bc6 21. Bb2 Nfd7
22. Ra1 Bf6 23. Nf1 Qb7 24. Ng3 g6 25. Bc1 Bg7 26. Nh2 f5 27. Bc2 f4 28. Ngf1
Qa6 29. Qg4 Kh7 30. Bb3 1-0

[Event "Oban Challengers"]
[Site "?"]
[Date "2012.11.17"]
[Round "2"]
[White "Dunlop, Anthony"]
[Black "Ridge, Mike"]
[Result "0-1"]
[WhiteElo "1681"]
[BlackElo "1800"]
[PlyCount "50"]
[EventDate "2012.11.17"]

1. f4 d6 2. Nf3 Bg4 3. e3 e5 4. fxe5 dxe5 5. Be2 Bd6 6. e4 Nf6 7. d3 c6 8. O-O
Qb6+ 9. Kh1 Nbd7 10. a4 h5 11. Nbd2 Be6 12. Nh4 Ng4 13. Bxg4 hxg4 14. Nf5 Bf8
15. Nc4 Qc7 16. Bg5 g6 17. Ng3 Bg7 18. Be3 O-O-O 19. Qe2 Rh7 20. a5 Rdh8 21.
Bxa7 Rxh2+ 22. Kg1 f5 23. Ne3 f4 24. Nxg4 R2h4 25. Bb6 fxg3 0-1

[Event "Oban Challengers"]
[Site "?"]
[Date "2012.11.17"]
[Round "3"]
[White "Kleboe, Jim"]
[Black "Murray, Frank"]
[Result "1-0"]
[WhiteElo "1724"]
[BlackElo "1723"]
[PlyCount "65"]
[EventDate "2012.11.17"]

1. d4 Nf6 2. c4 e6 3. Nc3 Bb4 4. Qc2 O-O 5. Bg5 c5 6. a3 Qa5 7. Bxf6 Bxc3+ 8.
bxc3 gxf6 9. e3 cxd4 10. exd4 b6 11. Bd3 f5 12. Ne2 Bb7 13. O-O Kh8 14. Rfb1
Rg8 15. g3 Ba6 16. Rb4 f4 17. Nxf4 Qg5 18. Ng2 h5 19. h4 Qh6 20. Re1 f5 21. d5
Bb7 22. Re5 Na6 23. Rb1 Nc5 24. Rbe1 Raf8 25. Kf1 exd5 26. cxd5 d6 27. Re6 Nxe6
28. Rxe6 Rf6 29. Nf4 Rxe6 30. dxe6 Qf6 31. Qe2 Qxc3 32. Qxh5+ Kg7 33. Qg6+ 1-0

[Event "Oban Challengers"]
[Site "?"]
[Date "2012.11.17"]
[Round "3"]
[White "Ridge, Mike"]
[Black "Smith, Stephen"]
[Result "0-1"]
[WhiteElo "1800"]
[BlackElo "1708"]
[PlyCount "60"]
[EventDate "2012.11.17"]

1. e4 e6 2. d3 d5 3. Qe2 Be7 4. Nf3 c5 5. g3 Nf6 6. Bg2 Nc6 7. O-O O-O 8. e5
Nd7 9. c4 d4 10. h4 f6 11. exf6 Nxf6 12. Bh3 e5 13. Bxc8 Qxc8 14. Nxe5 Nxe5 15.
Qxe5 Qh3 16. Re1 Ng4 17. Qd5+ Kh8 18. Qg2 Qxg2+ 19. Kxg2 Rxf2+ 20. Kg1 Bd6 21.
Bf4 Bxf4 22. gxf4 Rxf4 23. Re7 Ne3 24. Nd2 Rg4+ 25. Kh1 Rxh4+ 26. Kg1 Rg4+ 27.
Kh1 Rf8 28. Ne4 h6 29. Rxb7 Rf3 30. Kh2 Rg2+ 0-1

[Event "Oban Challengers"]
[Site "?"]
[Date "2012.11.18"]
[Round "4"]
[White "Gillies, Alex"]
[Black "Kleboe, James"]
[Result "1-0"]
[WhiteElo "1899"]
[BlackElo "1723"]
[PlyCount "95"]
[EventDate "2012.11.17"]

1. d4 g6 2. g3 Bg7 3. Bg2 c5 4. Nf3 cxd4 5. Nxd4 Nc6 6. Nxc6 bxc6 7. O-O Rb8 8.
c3 Qc7 9. e4 d6 10. b3 Nf6 11. Bb2 O-O 12. c4 Rd8 13. Qe2 Ne8 14. Bxg7 Nxg7 15.
Nc3 Be6 16. Rad1 f6 17. f4 Qa5 18. Rd3 a6 19. g4 Bf7 20. f5 g5 21. Rfd1 h5 22.
Bf3 h4 23. R1d2 Rdc8 24. Na4 Be8 25. Qe3 Qe5 26. c5 Rd8 27. Kg2 Bf7 28. Qd4 Qf4
29. Qc3 Rb5 30. Kg1 Ne8 31. Rd4 Qe5 32. cxd6 c5 33. R4d3 exd6 34. Qxe5 fxe5 35.
Rc3 Rc8 36. Be2 Rb4 37. Bxa6 Ra8 38. Bd3 Rd4 39. Kf2 Raxa4 40. bxa4 c4 41. Ra3
cxd3 42. Ke3 Nf6 43. Rdxd3 Rxe4+ 44. Kd2 d5 45. a5 d4 46. h3 Rf4 47. Ke1 Bc4
48. a6 1-0

[Event "Oban Challengers"]
[Site "?"]
[Date "2012.11.18"]
[Round "4"]
[White "Smith, Stephen"]
[Black "Roth, Michael"]
[Result "1-0"]
[WhiteElo "1708"]
[BlackElo "1680"]
[PlyCount "49"]
[EventDate "2012.11.17"]

1. e4 e5 2. f4 exf4 3. Nf3 g5 4. h4 g4 5. Ne5 d6 6. Nxg4 Be7 7. d4 Bxh4+ 8. Nf2
Qe7 9. Nc3 Bxf2+ 10. Kxf2 Nf6 11. Qd3 Nc6 12. Be2 Bd7 13. a3 O-O-O 14. Bxf4 Bg4
15. Bf3 Bxf3 16. gxf3 h5 17. Rae1 h4 18. Nd5 Qe6 19. Bg5 Ng4+ 20. fxg4 Rdg8 21.
Rxh4 Rxh4 22. Bxh4 Rxg4 23. Bg3 Qg6 24. c3 Kd7 25. Qf3 1-0